000
00330nam a2200145Ia 4500
008
230718s9999 xx 000 0 und d
041
_a
Eng.
082
_a
346.4
_b
SIN-C
100
_a
Singh,M.P
245
0
_a
Constitution of india
260
_a
Pakistan
_b
Delhi Law House
_c
2012
300
_a
1229
650
_a
Law
999
_c
30186
_d
30186